000 00696nam a22002417a 4500
003 UA-OsUOA
001 25884
007 ta
008 20040429b un ||||| |||| 00| 0 ukr d
100 _aТертичний І.П.
090 _a37.011
_bТ35
942 _cBK
040 _aUA-OsUOA
_bukr
_cUA-OsUOA
_dUA-OsUOA
245 _aПедагогічні погляди Михайла Івановича Калініна
300 _a177 с.
955 _a0
041 _aukr
080 _a37.011
260 _aКиїв
_bДержавне учбово-педагогічне видавництво "Радянська школа"
_c1957
044 _aUA
650 7 _2UDC
999 _c312189
_d312189